[Event "Perth op"]
[Site "Perth"]
[Date "2023.01.02"]
[Round "1"]
[White "Koh, Shannon"]
[Black "Kelly, Adam"]
[Result "1/2-1/2"]
[WhiteElo "1541"]
[BlackElo "2006"]
[PlyCount "86"]
[EventDate "2023.01.02"]
[EventType "swiss"]
[EventRounds "11"]
[EventCountry "AUS"]
[SourceTitle "CBM 212 Extra"]
[Source "ChessBase"]
[SourceDate "2023.03.31"]
[SourceVersion "1"]
[SourceVersionDate "2023.03.31"]
[SourceQuality "1"]

1. e4 e5 2. Nf3 Nc6 3. Bb5 a6 4. Ba4 Nf6 5. 0-0 Be7 6. d3 b5 7. Bb3 0-0 8. c3 d6 9. a4 Bb7 10. Bc2 Qd7 11. Re1 Rfe8 12. Bg5 h6 13. Bh4 d5 14. exd5 Nxd5 15. Bg3 f6 16. Nbd2 Bc5 17. Nf1 Bb6 18. Ne3 Nxe3 19. fxe3 Rad8 20. Nh4 g5 21. Nf3 e4 22. dxe4 Qxd1 23. Raxd1 Rxd1 24. Bxd1 Rxe4 25. Nd4 Nxd4 26. exd4 Rxe1+ 27. Bxe1 Bd5 28. g4 Kf7 29. Kf2 c5 30. dxc5 Bxc5+ 31. Ke2 Be6 32. Kf3 Bd5+ 33. Ke2 Be6 34. Kf3 f5 35. gxf5 Bxf5 36. axb5 axb5 37. Be2 g4+ 38. Kf4 Kf6 39. Bg3 Bd6+ 40. Ke3 Bc5+ 41. Kf4 Bd6+ 42. Ke3 Bc5+ 43. Kf4 Bd6+ 1/2-1/2